000 00648nam a22001815i 4500
001 152258
003 ES-MaACL
005 20230906204615.0
008 980924s1855 fr |||| | fre d
040 _aAR
_bspa
_cAR
100 1 _aBlot-Lequesne, J.-B.-G.
_9126024
245 1 0 _aDe l'autorité dans les sociétés modernes ou Examen comparatif du principe révolutionnaire et du principe chrétien /
_cpar Blot-Lequesne.
260 _aParis :
_bDentu et Lacroix,
_c1855 (
_fImprimerie Guiraudet et Jouaust)
300 _aVII, 332 p. ;
_c23 cm.
597 1 _aAntep.
650 4 _aAutoridad.
_9147898
852 _aES-MaACL
_jG-12150
_z-- Enc. hol.
999 _c152258
_d152258